Tolerated trespassers (Record no. 109628)

MARC details
000 -LEADER
fixed length control field 01373cad a22002535a 4500
001 - CONTROL NUMBER
control field E147576
008 - FIXED-LENGTH DATA ELEMENTS--GENERAL INFORMATION
fixed length control field 090526s2009 xxk f f000 0 eng d
020 ## - INTERNATIONAL STANDARD BOOK NUMBER
International Standard Book Number 9781409814634
035 ## - SYSTEM CONTROL NUMBER
System control number (Sirsi) u147576
041 0# - LANGUAGE CODE
Language code of text/sound track or separate title eng
110 2# - MAIN ENTRY--CORPORATE NAME
Corporate name or jurisdiction name as entry element United Kingdom
Subordinate unit Department for Communities and Local Government
9 (RLIN) 4939
245 00 - TITLE STATEMENT
Title Tolerated trespassers
Remainder of title guidance for social landlords
Medium [electronic resource]
260 ## - PUBLICATION, DISTRIBUTION, ETC.
Place of publication, distribution, etc. London
Name of publisher, distributor, etc. DCLG
Date of publication, distribution, etc. 2009
505 2# - FORMATTED CONTENTS NOTE
Formatted contents note Introduction -- Background -- The Housing and Regeneration Act, schedule 11, Part 1 -- The Housing and Regeneration Act, schedule 11, Part 2 -- Successor landlord order -- Annexes
520 ## - SUMMARY, ETC.
Summary, etc. Offers guidance to social landlords in the implementation of the Housing and Regeneration Act 2008 S299 and schedule 11, which relate to tolerated trespassers, and the Housing (Replacement of Terminated Tenancies) (Successor Landlords) (England) Order 2009.
521 ## - TARGET AUDIENCE NOTE
Target audience note Advanced
590 ## - LOCAL NOTE (RLIN)
Local note KA NTK
650 24 - SUBJECT ADDED ENTRY--TOPICAL TERM
Topical term or geographic name entry element HOUSING AND REGENERATION ACT 2008
650 24 - SUBJECT ADDED ENTRY--TOPICAL TERM
Topical term or geographic name entry element HOUSING (REPLACEMENT OF TERMINATED TENANCIES) (SUCCESSOR LANDLORDS) (ENGLAND) ORDER 2009
651 #4 - SUBJECT ADDED ENTRY--GEOGRAPHIC NAME
Geographic name England
Chronological subdivision 886-
690 ## - LOCAL SUBJECT ADDED ENTRY--TOPICAL TERM (OCLC, RLIN)
Topical term or geographic name as entry element PROPERTY-RESIDENTIAL PROPERTY-RESIDENTIAL LANDLORD AND TENANT
856 40 - ELECTRONIC LOCATION AND ACCESS
Uniform Resource Identifier <a href="https://www.communities.gov.uk/publications/housing/toleratedtrespass">https://www.communities.gov.uk/publications/housing/toleratedtrespass</a>
Public note View the guidance free of charge at www.communities.gov.uk...
942 ## - ADDED ENTRY ELEMENTS (KOHA)
Suppress in OPAC 0
Holdings
Withdrawn status Lost status Source of classification or shelving scheme Damaged status Not for loan Home library Current library Shelving location Date acquired Total Checkouts Full call number Barcode Date last seen Copy number Price effective from Koha item type
    Dewey Decimal Classification     Virtual Virtual Online 26/05/2009   ONLINE PUBLICATION 147576-2001 06/08/2019 1 06/08/2019 Book